Statistics for Top 10 Bordeaux Starting XI

Click here to take the quiz!

General Stats

  • This quiz has been taken 236 times
  • The average score is 16 of 71

Answer Stats

TeamPlayer% Correct
2008-09, 2009-10Yoann Gourcuff
76%
1992-93, 1993-94Zinédine Zidane
72%
2005-06, 2008-09, 2009-10Marouane Chamakh
71%
2009-10Jaroslav Plašil
62%
1998-99, 2000-01, 2002-03, 2005-06, 2007-08, 2008-09Ulrich Ramé
62%
2009-10Cédric Carrasso
60%
2000-01, 2002-03Pauleta
57%
2008-09, 2009-10Benoît Trémoulinas
54%
2008-09Fernando Cavenaghi
53%
2005-06, 2007-08, 2008-09, 2009-10Marc Planus
53%
2007-08, 2008-09Souleymane Diawara
53%
2007-08, 2008-09, 2009-10Wendel
51%
2007-08, 2008-09, 2009-10Alou Diarra
47%
1992-93, 1993-94, 2000-01Christophe Dugarry
44%
2007-08, 2008-09, 2009-10Matthieu Chalmé
43%
1989-90, 1992-93, 1993-94Bixente Lizarazu
41%
2005-06, 2007-08, 2008-09Fernando
40%
1998-99Sylvain Wiltord
40%
2009-10Yoan Gouffran
39%
1998-99, 2000-01Lilian Laslandes
37%
1998-99Johan Micoud
35%
2007-08Johan Micoud
35%
2005-06, 2007-08Franck Jurietti
34%
2002-03, 2005-06Jean-Claude Darcheville
33%
2009-10Michaël Ciani
32%
1989-90Joseph-Antoine Bell
26%
2007-08David Bellion
24%
1998-99Lassina Diabaté
24%
1998-99Ali Benarbia
23%
2005-06Rio Mavuba
20%
2002-03, 2005-06David Jemmali
19%
1992-93, 1993-94Gaétan Huard
19%
2005-06Vladimír Šmicer
18%
2002-03Pascal Feindouno
17%
2007-08Alejandro Alonso
15%
2005-06Julien Faubert
15%
2000-01Alain Roche
14%
2002-03Alexey Smertin
14%
2002-03Eduardo Costa
13%
1998-99Michel Pavon
12%
2002-03Kodjo Afanou
10%
2000-01Marc Wilmots
10%
1998-99Niša Saveljić
10%
1989-90Patrick Battiston
10%
2002-03Bruno Basto
8%
1998-99Hervé Alicarte
8%
2000-01Jérôme Bonnissel
8%
2000-01David Sommeil
7%
1998-99, 2000-01François Grenet
7%
2005-06Bruno Cheyrou
6%
1989-90Klaus Allofs
6%
1993-94Philippe Vercruysse
6%
1989-90Piet den Boer
6%
2002-03Marco Caneira
5%
1998-99Víctor Torres Mestre
5%
2000-01Laurent Batlles
4%
1992-93Márcio Santos
4%
2002-03Sávio
4%
1992-93, 1993-94Jean-Luc Dogon
3%
1989-90Jean-Marc Ferreri
3%
1989-90Jesper Olsen
3%
2000-01Sylvain Legwinski
3%
1992-93Valdeir
3%
1989-90Bernard Pardo
2%
1989-90, 1992-93, 1993-94Didier Sénac
2%
1989-90Jean-Christophe Thouvenel
2%
1989-90Jean-Philippe Durand
2%
1992-93, 1993-94Laurent Croci
2%
1993-94Stéphane Paille
2%
1992-93, 1993-94Éric Guérit
1%
1992-93, 1993-94Philippe Lucas
1%

Score Distribution

Percentile by Number Answered

Percent of People with Each Score

Your Score History

You have not taken this quiz